Time Costs and Search Behavior

Salvato in:
Dettagli Bibliografici
Autore principale: Hsiao, Yu-Chin
Altri autori: Kemp, Simon, Servátka, Maroš, 1976-, Ward, Matt, Zhang, Le
Natura: Capitolo di libro
Lingua:inglese
Soggetti:
Tags: Aggiungi Tag
Nessun Tag, puoi essere il primo ad aggiungerne!!

MARC

LEADER 00000naa$a2200000$$$4500
001 0283491
005 20240502083912.1
041 0 |a eng 
044 |a US 
245 1 0 |a Time Costs and Search Behavior  |c Yu-Chin Hsiao, Simon Kemp, Maroš Servátka, Matt Ward, Le Zhang 
610 2 0 |a náklady 
610 2 0 |a čas 
610 2 0 |a správanie 
100 1 |a Hsiao, Yu-Chin 
700 1 |a Kemp, Simon 
700 1 |a Servátka, Maroš, 1976- 
700 1 |a Ward, Matt 
700 1 |a Zhang, Le